| 000 | 01439nam a22003737a 4500 | ||
|---|---|---|---|
| 003 | CHAP | ||
| 005 | 20220329141107.0 | ||
| 008 | 971013s1995 r 00010 d | ||
| 010 | _a62482 | ||
| 011 | _a63454 | ||
| 035 | _a67630 | ||
| 040 | _cCHAP | ||
| 082 |
_a636.0882 _bT7 v.18 |
||
| 100 | 0 | 0 |
_aGonzález S., José Adolfo. _949383 |
| 245 | _aImplementación de la unidad de tracción animal en el programa de la asignatura de mecanización agrícola II en el curriculum de la Universidad Nacional Agraria | ||
| 260 |
_aManagua, Nicaragua : _bUniversidad Nacional Agraria, _c1995 |
||
| 300 | _a8 h. | ||
| 500 | _aConferencia presentada en : Encuentro Centroamericano sobre Tracción Animal (1 : 1995 : Managua, Nicaragua) | ||
| 500 | _aFotocopia | ||
| 590 |
_aBATCH-UPD _b10 _c20130110 _lUCH01 _h0528 |
||
| 590 |
_aBATCH-UPD _b10 _c20130110 _lUCH01 _h2357 |
||
| 590 |
_aBATCH-UPD _b10 _c20130410 _lUCH01 _h0208 |
||
| 590 |
_aBATCH-UPD _b10 _c20130914 _lUCH01 _h0336 |
||
| 590 |
_aCONVERSION _b10 _c20130109 _lUCH01 _h1334 |
||
| 650 | 1 | 4 |
_aAnimales de carga. _95878 |
| 650 | 1 | 4 |
_aEnergía animal. _936889 |
| 650 | 1 | 4 |
_aMecanización agrícola. _973801 |
| 700 | 0 |
_aBlanco Navarro, Moises. _913089 |
|
| 901 | _aBK | ||
| 942 | _cFOLL | ||
| 949 |
_a636.0882 T7 v.18 _bBC _cESP _d-152987 _eESP _h92180 _i67630 _si |
||
| 949 |
_aFolleto 14887 _bBC _cFOLL _d-153021 _eTS1 _i67630 _sb |
||
| 949 |
_aFolleto 14887 _bBC _cFOLL _d-153022 _eTS2 _fc.2 _i67630 _sb |
||
| 999 |
_c62482 _d62482 |
||